000 02270cam a22004694i 4500
003 PE-LiUPU
005 20250731172918.0
008 150617s r 000 0 d
035 _a(Sirsi) a19009
040 _aPE-LiUPU
_bspa
_cPE-LiUPU
_erda
049 _aPRUA
082 0 4 _a282.0985
_bC74
_221
110 2 _aIglesia Católica. Papa (1978-2005 : Juan Pablo II)
245 1 0 _aJuan Pablo II: su mensaje.
264 1 _aLima :
_bArtes Gráficas: Alejandro Horna,
_c1985.
300 _a278 ;
_c19 cm
336 _atext
_2rdacontent
337 _aunmediated
_2rdamedia
338 _avolume
_2rdacarrier
505 0 _aLlegada al Perú (1º de febrero 1985) -- Encuentro con el Clero, Religiosas y agentes del pastoral (1º de febrero) -- En el palacio de Gobireno (1º de febrero) -- Encuentro con la juventud (2 de febrero) -- Encuentro con los obispos del Perú (2 de febrero) -- Misa para la familia con ordenaciones (3 de febrero) -- Encuentro con el cuerpo diplomático (3 de febrero) -- Encuentro ecuménico (4 de febrero) -- Encuentro con los pueblos jóvenes (5 de febrero) -- Despedida del Santo Padre (5 de febrero) -- Beatificación de Sor Ana de los Angeles -- Encuentro con los aborígenes y los campesinos -- Encuentro con el pueblo Ayacuchano -- Paraliturgia con los enfermos y ancianos -- Encuentro con los pueblos del norte -- Misa para los trabajadores -- Encuentro con los nativos de la selva.
526 _aSEG42
526 _aSEG41
526 _aSEG40
526 _aSEG39
526 _aP94
526 _aP87
526 _aP86
526 _aP85
526 _aP77
526 _aP76
526 _aP35
600 1 _aJuan Pablo.
_bII.
_cPapa.
_d1920-2005
_xViajes
_zPerú
650 0 4 _aSermones papales.
700 1 _aConferencia Episcopal Peruana,
_eeditor.
910 _ajck
_bjvq
_cjck
_d20150616
942 _2ddc
_cBOOK
949 _a282.0985 C74
_wDEWEY
_c1
_i24502
_lCCODEBUL1
_mBUL
_p00.00
_r0
_sY
_tBOOK
_u2015-04-22
_xTEOLOGIA
_PP35
_0COMPRA
_o.STAFF. Colección General
994 _aC0
_bPEPRU
596 _a1
999 _a282.0985 C74
_wDEWEY
_c18764
_i24502
_f2021-11-12
_g5
_lCCODEBUL1
_mBUL
_r0
_sY
_tBOOK
_u2015-4-22
_xTEOLOGIA
_PP35
_0COMPRA
_o.STAFF. Colección General
_d18764
980 _81
_gALBERTO SANCHEZ Responsable de Automatización